| 000 | 00685nam a22002177a 4500 | ||
|---|---|---|---|
| 999 |
_c14162 _d14162 |
||
| 003 | AR-CdUCM | ||
| 008 | 190410b ||||| |||| 00| 0 spa d | ||
| 020 | _a978-612-4039-23-2 | ||
| 040 |
_aMUNICIPALIDAD PROVINCIAL DEL CUSCO _cBIBLIOTECA MUNICIPAL DEL CUSCO |
||
| 082 |
_aEP / 803 / _bES82 |
||
| 100 |
_aEslava, Jorge _925304 |
||
| 245 | _aEl maromero / | ||
| 260 |
_aLima : _bGrupo Santillana, _c2009. |
||
| 300 |
_a37 paginas ; _bIlustraciones, Graficos, Dibujos, _c22 cm. |
||
| 440 |
_aCuenta cosas alfaguara. _932835 |
||
| 505 | _aContenido :El maromero ... | ||
| 650 |
_aCuentos _9217 |
||
| 650 |
_aTexto educativo _925832 |
||
| 942 |
_2ddc _cLIBROS |
||
| 945 |
_arum _d2019-04-22 |
||